| 000 | 00548nam a2200205Ia 4500 | ||
|---|---|---|---|
| 003 | OSt | ||
| 005 | 20230525190417.0 | ||
| 008 | 210423s2002 xx 000 0 und d | ||
| 040 | _cAL | ||
| 041 | _aeng | ||
| 082 |
_a658 _223 _bVERS |
||
| 100 |
_aVERMA (J C);SINGH (Gurpal). _9114568 |
||
| 245 |
_aSmall business and industry. _bHandbook for entreprenurs. |
||
| 250 | _a1 | ||
| 260 |
_bResponse Books _c2002 |
||
| 300 | _avi,32 | ||
| 365 |
_b290 _cINR |
||
| 906 | _abusiness ; entreprenurs. ; Handbook ; industry. ; Small | ||
| 942 |
_2ddc _cBK |
||
| 999 |
_c173311 _d173311 |
||